[Event "Merida World Heritage op 1st"]
[Site "Merida"]
[Date "2021.08.05"]
[Round "3"]
[White "Santos, Ana Pereira Dos"]
[Black "Macias Sanchez, Homero"]
[Result "0-1"]
[WhiteElo "1551"]
[BlackElo "1925"]
[PlyCount "92"]
[EventDate "2021.08.04"]
[EventType "swiss"]
[EventRounds "9"]
[EventCountry "ESP"]
[SourceTitle "EXT 2023"]
[Source "ChessBase"]
[SourceDate "2022.10.05"]
[SourceVersion "1"]
[SourceVersionDate "2022.10.05"]
[SourceQuality "1"]

1. e4 e5 2. Nf3 Nc6 3. Bb5 a6 4. Ba4 Nf6 5. 0-0 Be7 6. Re1 b5 7. Bb3 d6 8. h3 Na5 9. c3 Nxb3 10. Qxb3 Be6 11. Qd1 c5 12. d4 Qc7 13. d5 Bc8 14. Bg5 h6 15. Bh4 g5 16. Bg3 g4 17. hxg4 Bxg4 18. Nbd2 Nh5 19. Bh2 Rg8 20. Nf1 Qd7 21. Ne3 Nf4 22. Bxf4 exf4 23. Nf5 Bxf5 24. exf5 Qxf5 25. Qe2 Ra7 26. Qe4 Qh3 27. Nd2 Kf8 28. Qf3 Qf5 29. Ne4 Rd7 30. Ng3 Qg5 31. Nh5 Rg6 32. Nxf4 Rf6 33. g3 Rf5 34. Re4 Bf6 35. Rae1 Be5 36. Kf1 Bxf4 37. gxf4 Qg6 38. Re8+ Kg7 39. Ra8 Rh5 40. Rxa6 Qf5 41. Rd1 Rh4 42. Qd3 Qg4 43. f3 Rh1+ 44. Kf2 Rh2+ 45. Kf1 Qg2+ 46. Ke1 Qf2# 0-1

[Event "POR-ch (Women)"]
[Site "Odivelas"]
[Date "2020.09.12"]
[Round "4"]
[White "Santos, Ana Pereira Dos"]
[Black "Soares, Sara Joana de Moura"]
[Result "0-1"]
[WhiteElo "1529"]
[BlackElo "1646"]
[PlyCount "92"]
[EventDate "2020.09.10"]
[EventType "swiss"]
[EventRounds "5"]
[EventCountry "POR"]
[SourceTitle "CBM 198 Extra"]
[Source "ChessBase"]
[SourceDate "2020.11.30"]
[SourceVersion "1"]
[SourceVersionDate "2020.11.30"]
[SourceQuality "1"]

1. e4 c5 2. Nf3 Nc6 3. d4 cxd4 4. Nxd4 g6 5. c4 Bg7 6. Be3 Nf6 7. Nc3 d6 8. Be2 0-0 9. 0-0 Bd7 10. f3 Nxd4 11. Bxd4 Bc6 12. Qd2 Nd7 13. Bxg7 Kxg7 14. f4 a5 15. Kh1 a4 16. Nd5 Nc5 17. Bf3 Kg8 18. f5 Kg7 19. Qd4+ f6 20. Nf4 Bd7 21. Bg4 Qc8 22. Nd5 Qd8 23. Rf3 h5 24. Bh3 g5 25. Rg3 Kf7 26. Nxf6 exf6 27. Qxd6 Qe7 28. Qd5+ Kg7 29. Qd1 Be8 30. Re3 Rd8 31. Qe2 Qe5 32. g3 Bf7 33. Rc1 Rd4 34. Bg2 Rfd8 35. Bf3 Rd2 36. Qe1 Qxb2 37. Rb1 Rxh2+ 38. Kg1 Qxa2 39. Be2 Rd2 40. Kxh2 Bxc4 41. Kg1 Bxe2 42. Ra1 Qb2 43. Rb1 Qd4 44. Qf2 Bg4 45. Qe1 Re2 46. Qc1 Qxe3+ 0-1

[Event "Lisbon Portugal op"]
[Site "Lisbon"]
[Date "2017.02.07"]
[Round "6"]
[White "Santos, Ana Pereira Dos"]
[Black "Garcia, Antonio Manuel Cost"]
[Result "0-1"]
[WhiteElo "1462"]
[BlackElo "1832"]
[PlyCount "76"]
[EventDate "2017.02.04"]
[EventType "swiss"]
[EventRounds "9"]
[EventCountry "POR"]
[SourceTitle "CBM 176 Extra"]
[Source "ChessBase"]
[SourceDate "2017.03.02"]
[SourceVersion "1"]
[SourceVersionDate "2017.03.02"]
[SourceQuality "1"]

1. e4 c5 2. Nf3 e6 3. d4 cxd4 4. Nxd4 a6 5. Nc3 Qc7 6. a3 Nc6 7. Be3 Nf6 8. f4 d6 9. g3 Be7 10. Qd2 Bd7 11. Be2 Rc8 12. Nf3 0-0 13. Rg1 Ng4 14. Nh4 Nxe3 15. Qxe3 Na5 16. Qd2 Qb6 17. 0-0-0 Nc4 18. Bxc4 Rxc4 19. Nf3 Rfc8 20. Ne5 dxe5 21. Qxd7 Rxc3 22. bxc3 Bxa3+ 23. Kd2 Rd8 24. Qxd8+ Qxd8+ 25. Ke2 Qc7 26. Rd3 h6 27. Rgd1 Qc4 28. Ke3 exf4+ 29. Kxf4 Be7 30. Ke3 Bg5+ 31. Kf3 Bf6 32. Ke3 a5 33. h4 Qc7 34. Kd2 a4 35. Ra1 b5 36. h5 Qe5 37. g4 Qxe4 38. c4 Bxa1 0-1

[Event "Portugal op"]
[Site "Oeiras"]
[Date "2015.09.05"]
[Round "9"]
[White "Antunes, Ana"]
[Black "Santos, Ana Pereira Dos"]
[Result "0-1"]
[WhiteElo "1290"]
[BlackElo "1545"]
[PlyCount "156"]
[EventDate "2015.08.30"]
[EventType "swiss"]
[EventRounds "9"]
[EventCountry "POR"]
[SourceTitle "EXT 2016"]
[Source "ChessBase"]
[SourceDate "2015.10.08"]
[SourceVersion "1"]
[SourceVersionDate "2015.10.08"]
[SourceQuality "1"]

1. e4 e5 2. Nf3 Nc6 3. Bb5 a6 4. Bxc6 dxc6 5. Nc3 Bd6 6. h3 Nf6 7. d3 0-0 8. Bg5 Re8 9. 0-0 h6 10. Bd2 b5 11. a3 Bb7 12. Be3 c5 13. b3 Qe7 14. Nh4 Nh7 15. Nf5 Qf6 16. Re1 Rad8 17. Nxd6 cxd6 18. Na2 Bc8 19. c4 Qg6 20. Qf3 Re6 21. Qg3 Qxg3 22. fxg3 Rg6 23. Kh2 f5 24. Nc3 bxc4 25. bxc4 Nf6 26. Rf1 fxe4 27. Nxe4 Nxe4 28. dxe4 Bb7 29. Rab1 Bxe4 30. Rb6 Bd3 31. Rc1 Ra8 32. g4 Rf6 33. g5 Rg6 34. gxh6 Be4 35. g4 gxh6 36. Kg3 Rf8 37. Kh4 Rf3 38. Rc3 d5 39. Rb8+ Kh7 40. cxd5 Bxd5 41. Rc8 c4 42. Rd8 Be6 43. Bd2 Rgf6 44. Re8 Rf2 45. Re7+ Kg6 46. Be1 Re2 47. Bg3 Bd5 48. Rxe5 Rxe5 49. Bxe5 Rf3 50. Rc2 Rxa3 51. Bd6 Rb3 52. Be5 a5 53. Rc1 Bg2 54. Bg3 Bd5 55. Be1 a4 56. Bc3 a3 57. Ba1 Bg2 58. Rc3 Rxc3 59. Bxc3 a2 60. Kg3 Be4 61. Kf2 Kg5 62. Ke3 Bc2 63. Kd4 Bb3 64. Bb2 Kh4 65. Ke4 Kg5 66. Ke3 h5 67. gxh5 Kxh5 68. Kf3 Kh4 69. Kg2 Bc2 70. Kf3 Kxh3 71. Ke3 Kg2 72. Kd2 Bb3 73. Kc3 Kf2 74. Ba1 Ke2 75. Bb2 Kd1 76. Ba1 Kc1 77. Bb2+ Kb1 78. Ba1 Kxa1 0-1